Normal view
MARC view
- الفقه الإسلامي -- الحديث -- أحكام -- الحديث -- شرح -- ابن حجر العسقلاني، أحمد بن علي، 1372-1449. بلوغ المرام من جمع ادلة الأحكام
Entry Topical Term
001 - CONTROL NUMBER
- control field: 41946
003 - CONTROL NUMBER IDENTIFIER
- control field: JO-AjAnu
005 - DATE AND TIME OF LATEST TRANSACTION
- control field: 20230606080949.0
008 - FIXED-LENGTH DATA ELEMENTS
- fixed length control field: 230606|| aca||aabn | a|a d
040 ## - CATALOGING SOURCE
- Original cataloging agency: JO-AjAnu
- Transcribing agency: JO-AjAnu
150 ## - HEADING--TOPICAL TERM
- Topical term or geographic name entry element: الفقه الإسلامي -- الحديث -- أحكام -- الحديث -- شرح -- ابن حجر العسقلاني، أحمد بن علي، 1372-1449. بلوغ المرام من جمع ادلة الأحكام
670 ## - SOURCE DATA FOUND
- Source citation: Work cat.: (JO-AjAnu)21492: تأليف الصتعاني، محمد بن اسماعيل الأمير اليمنى؛ محمد عبد العزيز الخولى،صححه وعلق عليه, author 41945, سبل السلام : شرح بلوغ المرام من جمع أدلة الأحكام